[Event "Bhubaneswar op-A 14th"]
[Site "Bhubaneswar"]
[Date "2023.06.12"]
[Round "2"]
[White "Shabadjot, Singh"]
[Black "Gairick, Saha"]
[Result "1-0"]
[WhiteElo "1512"]
[BlackElo "1593"]
[PlyCount "51"]
[EventDate "2023.06.11"]
[EventType "swiss"]
[EventRounds "10"]
[EventCountry "IND"]
[SourceTitle "EXT 2024"]
[Source "ChessBase"]
[SourceDate "2023.10.10"]
[SourceVersion "1"]
[SourceVersionDate "2023.10.10"]
[SourceQuality "1"]

1. e4 e5 2. Nf3 Nc6 3. Bc4 Nf6 4. d4 exd4 5. 0-0 Nxe4 6. Re1 d5 7. Bxd5 Qxd5 8. Nc3 Qa5 9. Nxe4 Be6 10. Bd2 Qd5 11. Bg5 Bc5 12. c4 Qxc4 13. Rc1 Qxa2 14. Nxc5 0-0 15. Nxd4 Qxb2 16. Ndxe6 fxe6 17. Rc2 Qb4 18. Re4 Qa5 19. Qg4 Rf5 20. Bh6 g6 21. Rxe6 Ne5 22. Qe2 g5 23. h3 Kf7 24. Qe4 Qa1+ 25. Kh2 Rf6 26. Qxh7# 1-0

[Event "Chennai op 13th"]
[Site "Chennai"]
[Date "2022.06.19"]
[Round "1"]
[White "Gairick, Saha"]
[Black "Deepan Chakkravarthy, J."]
[Result "0-1"]
[WhiteElo "1417"]
[BlackElo "2478"]
[PlyCount "72"]
[EventDate "2022.06.19"]
[EventType "swiss"]
[EventRounds "10"]
[EventCountry "IND"]
[SourceTitle "CBM 209 Extra"]
[Source "ChessBase"]
[SourceDate "2022.09.30"]
[SourceVersion "1"]
[SourceVersionDate "2022.09.30"]
[SourceQuality "1"]

1. d4 e6 2. c4 Bb4+ 3. Bd2 a5 4. a3 Bxd2+ 5. Qxd2 d6 6. Nf3 Ne7 7. Nc3 0-0 8. e3 b6 9. Bd3 Bb7 10. Qe2 Nd7 11. 0-0 Ng6 12. Rad1 f5 13. Rfe1 Qe7 14. Bb1 Rae8 15. d5 e5 16. Nb5 Nc5 17. b4 axb4 18. axb4 Na6 19. Qb2 Bc8 20. Na7 Bd7 21. Qa3 Nb8 22. Ba2 f4 23. c5 Kh8 24. cxb6 cxb6 25. b5 Bg4 26. e4 Bxf3 27. gxf3 Nd7 28. Nc6 Qg5+ 29. Kf1 Ra8 30. Qb2 Nh4 31. Ke2 Qh5 32. Rd3 Nc5 33. Ra3 Nxe4 34. Kd1 Nc5 35. Bc4 Rxa3 36. Qxa3 Qxf3+ 0-1